000 00711nam a2200193 a 4500
008 120416s2001 ||||||||||||||||| || u
020 _a0745318185
050 _aHV 640.C38 Cau
100 _aSorensen, Resfslund Birgitte
245 1 0 _aCaught between borders: response strategies of the internally displaced
_cedited by Marc Vincent
260 _aLondon
_bPluto Press
_c2001
300 _axiii, 317p. : ill.
350 _a0.00
650 _aREFUGEES
650 _aGlobal IDP Survey
650 _aMigration, Internal
700 _aVincent, Marc
995 _D0.00
_FCBU-MAIN LIBRARY (Kitwe)
_H1
_I20.00
_M1
_UAVAILABLE
_ZMain Library Open Access Collection
999 _c36861
_d36861